| 000 | 00836cam a22001934a 4500 | ||
|---|---|---|---|
| 005 | 20250605164119.0 | ||
| 008 | 250528s ||||||||||||||||||||||||d | ||
| 035 | _a18195 | ||
| 020 | _a471919896 | ||
| 040 |
_aGR-AtMCL _bgre _dGR-AtMCL _eAACR2 |
||
| 245 | 1 | _aAdvanced Spreadsheet Modelling with Lotus 1-2-3 TM | |
| 300 | _a182 | ||
| 520 | _aThe book outlines other areas of use such as forecasting, decision making, planning, budgeting and simulation. Includes disk. Introduction, Estimation Models, Graphs for Data Presentation and Modelling, Financial Modelling - Planning, Financial Modelling - Budgeting, Business Forecasting, Decision Models, Introductory Macro Models, Simulation Models, Index. | ||
| 700 | 1 |
_aJackson Mary _94486 |
|
| 942 | _cBK | ||
| 260 | _bJohn Wiley & Sons, Ltd | ||
| 999 |
_c3573 _d3573 |
||